000 01216nam a22002537a 4500
005 20170124103146.0
010 _aA-924484
020 _c200.00
_a8185830762
035 _aA-924484
037 _bCen Lib/Ret
040 _aDPL
_bHN
082 _a025.435
_bशर्मापा
100 _aशर्मा, पांडेय एस.के.
_986163
245 _aसरलीकृत द्विबिंदु वर्गीकरण /
_cपांडेय एस.के. शर्मा
246 _aSarlikrit dwibindu vargikaran /
_bby Pandey S.K. Sharma
260 _aदिल्ली
_bसत्साहित्य प्रकाशन
_c1998
270 _a205-बी, चावडी बाज़ार
_bदिल्ली
_e110006
300 _a243पृ.
_c21सेमी (सजिल्द)
650 _aपुस्तकालय विज्ञान--वर्गीकरण
_978963
650 _aवर्गीकरण--द्विबिंदु प्रणाली
_986164
650 _aLibrary science--Classification
_986026
650 _aClassification--Colon classification scheme
_986165
942 _2ddc
_cHN
_h025.435
_mशर्मापा
999 _c119672
_d119672